ბათუმის შოთა რუსთაველის სახელმწიფო უნივერსიტეტის ბიბლიოთეკა

გეოპოლიტიკის საფუძვლები. რუსეთის გეოპოლიტიკური მომავალი : (ბიბ.ჩანაწერი № 58959)

000 -ლიდერი
ფიქსირებული სიგრძის საკონტროლო ველი 00956nam a22002057a 4500
003 - საკონტროლო ნომრის იდენტიფიკატორი
საკონტროლო ველი Ge_BSU
005 - ბოლო ოპერაციის თარიღი და დრო
საკონტროლო ველი 20221024162719.0
008 - ფიქსირებული სიგრძის მონაცემთა ელემენტები - ზოგადი ინფორმაცია
ფიქსირებული სიგრძის საკონტროლო ველი 221024s1999 ge ||||| |||| 00| 0 geo d
041 ## - ენის კოდი
Language code of text/sound track or separate title geo
080 ## - უნივერსალური ათობითი კლასიფიკაციის ინდექსი
Universal Decimal Classification number 327.2(075.8) დ-87
100 ## - მთავარი ჩანაწერი - პიროვნების სახელი
Personal name დუგინი, ალ.
9 (RLIN) 15495
245 ## - ცნობა სათაურის შესახებ
Title გეოპოლიტიკის საფუძვლები. რუსეთის გეოპოლიტიკური მომავალი :
Remainder of title [სახელმძღვ. /
Statement of responsibility, etc წიგნზე მუშაობდნენ: თენგიზ ბინიაშვილი და სხვ.].
264 ## - წარმოების, გამოცემის, დისტრიბუციის და სხვა ცნობები
გამოცემის, წარმოების, დისტრიბუციის... ადგილი თბილისი :
გამოცემის, წარმოების, დისტრიბუციის... სახელწოდება მთაწმინდელი,
გამოცემის, წარმოების, დისტრიბუციის... თარიღი 1999.
300 ## - ფიზიკური აღწერა
Extent 449 გვ. ;
Other physical details 20 სმ.
653 ## - INDEX TERM--UNCONTROLLED
Uncontrolled term გეოპოლიტიკა
653 ## - INDEX TERM--UNCONTROLLED
Uncontrolled term რუსეთის გეოპოლიტიკა
653 ## - INDEX TERM--UNCONTROLLED
Uncontrolled term დუალიზმი
653 ## - INDEX TERM--UNCONTROLLED
Uncontrolled term მონდიალიზმი
942 ## - ADDED ENTRY ELEMENTS (KOHA)
Source of classification or shelving scheme
Koha item type წიგნი
ეგზემპლარები
ჩამოწერის სტატუსი დაკარგული ეგზემპლარის სტატუსი კლასიფიკაციის წყარო ან თაროზე გაწყობის სქემა დაზიანების სტატუსი არ გაიცემა მუდმივი მდებარეობა (დაცვის ადგილი) ამჟამინდელი ადგილსამყოფელი თაროზე განთავსების ადგილი შეძენის თარიღი ღირებულება, შესყიდვის ნორმალური ფასი სრული შენახვის შიფრი შტრიხკოდი ბოლო ოპერაციის თარიღი ეგზემპლარის მიმდევრობითი ნომერი (კეტერი?) ფასის ძალაში შესვლის თარიღი ეგზემპლარის სახეობა საჯარო შენიშვნა
          ბათუმის შოთა რუსთაველის სახელმწიფო უნივერსიტეტის მთავარი ბიბლიოთეკა ბათუმის შოთა რუსთაველის სახელმწიფო უნივერსიტეტის მთავარი ბიბლიოთეკა წიგნსაცავი 2022-10-24 12.00 327.2(075.8) დ-87 28755 2022-10-24 28755 2022-10-24 წიგნი 12 ლ.